000 00830nam a2200241 i 4500
001 C2-0341668
003 PPAK
005 20180728143303.0
008 170606s2006 my a|||| ||||| | may d
020 _a9834317107
040 _aPPAK
_beng
_cPPAK
_erda
082 0 4 _a354.509595123
_223
090 0 0 _a354.509595123
_bMZA
_dKK
100 0 _aM.Z. Azmie,
_cDato'
_eauthor
245 1 0 _aGading bersilang :
_bsejarah Jabatan Perkhidmatan Haiwan Negeri Pahang
264 1 _aKuantan, Pahang :
_bJabatan Perkhidmatan Haiwan Negeri Pahang ,
_c2006
300 _aiv, 129 pages :
_billustrations ;
_c27 cm
336 _2rdacontent
_atext
337 _2rdamedia
_aunmediated
338 _2rdacarrier
_avolume
650 1 0 _aVeterinary services - Malaysia. ; Animal welfare - Malaysia. ; Veterinary medicine- Malaysia.
942 _ddc
_cB
999 _c138688
_d138688